| 000 | 00439nam a2200157 i 4500 | ||
|---|---|---|---|
| 001 | bg | ||
| 100 | 1 | _aMAZURKIEWICZ, Stanisław | |
| 245 | 0 |
_aTworzywa niemetalowe : _b(budowa, własności, przetwórstwo, zastosowanie) / _cS. Mazurkiewicz. |
|
| 260 |
_aKraków, _c1989. |
||
| 650 | 9 | _aTworzywa sztuczne | |
| 655 | _aPodręczniki akademickie | ||
| 040 | _cBPK | ||
| 041 | _apol | ||
| 942 | _cKS | ||
| 008 | s pl f |000 0 pol | ||
| 999 |
_c4168 _d4168 |
||
| 856 |
_uhttp://koha.tu.koszalin.pl/cgi-bin/koha/opac-detail.pl?biblionumber=4168 _yKatalog online BPK |
||